[Event "New York Marshall Labor Day GM"]
[Site "New York"]
[Date "2023.09.03"]
[Round "7"]
[White "Huston, Gus"]
[Black "Barbosa, Oliver"]
[Result "0-1"]
[WhiteElo "2439"]
[BlackElo "2476"]
[PlyCount "73"]
[EventDate "2023.08.31"]
[EventType "tourn"]
[EventRounds "9"]
[EventCountry "USA"]
[EventCategory "6"]
[SourceTitle "EXT 2024"]
[Source "ChessBase"]
[SourceDate "2023.10.10"]
[SourceVersion "1"]
[SourceVersionDate "2023.10.10"]
[SourceQuality "1"]

1. e4 c6 2. d4 d5 3. e5 Bf5 4. h4 h5 5. Bd3 Bxd3 6. Qxd3 e6 7. Nf3 Qa5+ 8. Nbd2 Qa6 9. c4 Ne7 10. 0-0 Nf5 11. b3 Nd7 12. a4 Bb4 13. Ba3 Bxa3 14. Rxa3 0-0 15. Rb1 Rfd8 16. b4 dxc4 17. Nxc4 b6 18. Rd1 Nf8 19. Qc2 Ng6 20. g3 Qb7 21. Rad3 Rd7 22. Ng5 Rad8 23. Qe2 Qa6 24. Nd6 Nxd6 25. exd6 Nf8 26. Qxh5 Qxa4 27. Qf3 Qxb4 28. h5 Qxd6 29. h6 Qd5 30. hxg7 Nh7 31. Ne4 f5 32. Nd2 Ng5 33. Qh5 Rxg7 34. Re1 Ne4 35. Nf3 Qa2 36. Rf1 Nxg3 37. Ng5 0-1

[Event "New York Marshall Labor Day GM"]
[Site "New York"]
[Date "2023.09.02"]
[Round "5"]
[White "Luo, Terry"]
[Black "Barbosa, Oliver"]
[Result "1-0"]
[WhiteElo "2351"]
[BlackElo "2476"]
[PlyCount "65"]
[EventDate "2023.08.31"]
[EventType "tourn"]
[EventRounds "9"]
[EventCountry "USA"]
[EventCategory "6"]
[SourceTitle "EXT 2024"]
[Source "ChessBase"]
[SourceDate "2023.10.10"]
[SourceVersion "1"]
[SourceVersionDate "2023.10.10"]
[SourceQuality "1"]

1. d4 Nf6 2. c4 e6 3. Nc3 c5 4. d5 exd5 5. cxd5 d6 6. Nf3 g6 7. h3 Bg7 8. Bf4 0-0 9. e3 a6 10. a4 Qe7 11. Be2 Nbd7 12. 0-0 Rb8 13. Nd2 Ne5 14. a5 Nfd7 15. Bg3 f5 16. Re1 b5 17. axb6 Rxb6 18. Qc2 g5 19. f4 Ng6 20. Bd3 gxf4 21. exf4 Qf6 22. Kh1 Bh6 23. Nc4 Rb4 24. Re6 Qg7 25. Nxd6 Nxf4 26. Nxf5 Rxf5 27. Bxf5 Nxe6 28. Bxe6+ Kh8 29. Bh2 Rd4 30. Rf1 Rd2 31. Qe4 Qd4 32. Bxd7 Qxe4 33. Nxe4 1-0

[Event "New York Marshall Labor Day GM"]
[Site "New York"]
[Date "2023.09.01"]
[Round "3"]
[White "Ilhomzoda, I."]
[Black "Barbosa, Oliver"]
[Result "1/2-1/2"]
[WhiteElo "2269"]
[BlackElo "2476"]
[PlyCount "21"]
[EventDate "2023.08.31"]
[EventType "tourn"]
[EventRounds "9"]
[EventCountry "USA"]
[EventCategory "6"]
[SourceTitle "EXT 2024"]
[Source "ChessBase"]
[SourceDate "2023.10.10"]
[SourceVersion "1"]
[SourceVersionDate "2023.10.10"]
[SourceQuality "1"]

1. e4 c5 2. c3 Nf6 3. e5 Nd5 4. d4 cxd4 5. cxd4 d6 6. Nf3 Nc6 7. Bc4 e6 8. 0-0 Be7 9. a3 0-0 10. Bd3 Qb6 11. Bc2 1/2-1/2

[Event "Redmond PNWCC Schev 1"]
[Site "Redmond"]
[Date "2023.08.20"]
[Round "4.5"]
[White "Barbosa, Oliver"]
[Black "Lee, Megan Shuen Hui"]
[Result "1-0"]
[WhiteElo "2476"]
[BlackElo "2242"]
[PlyCount "105"]
[EventDate "2023.08.19"]
[EventType "schev"]
[EventRounds "10"]
[EventCountry "USA"]
[SourceTitle "EXT 2024"]
[Source "ChessBase"]
[SourceDate "2023.10.10"]
[SourceVersion "1"]
[SourceVersionDate "2023.10.10"]
[SourceQuality "1"]
[WhiteTeam "Masters"]
[BlackTeam "Challengers"]
[WhiteTeamCountry "USA"]
[BlackTeamCountry "USA"]

1. Nf3 d5 2. g3 g6 3. Bg2 Bg7 4. 0-0 e5 5. d3 Ne7 6. e4 0-0 7. Nbd2 Nbc6 8. a4 a5 9. c3 h6 10. Re1 Be6 11. exd5 Bxd5 12. Qc2 Qd7 13. b3 Rad8 14. Ba3 Rfe8 15. Rad1 Nf5 16. h4 h5 17. Ne4 b6 18. Nfd2 Nh6 19. Nc4 Ng4 20. Bc1 Qc8 21. f3 Nf6 22. Bg5 Bxe4 23. dxe4 Rxd1 24. Rxd1 Rd8 25. Re1 Re8 26. Kh2 Nh7 27. Bh3 Qa8 28. Bc1 Nf6 29. Qe2 Nd8 30. Rd1 Nb7 31. Be3 Bf8 32. Bg5 Nh7 33. Bd7 Nxg5 34. Bxe8 Nxf3+ 35. Qxf3 Qxe8 36. Ne3 Qe6 37. Nd5 Bd6 38. Qf6 Qxf6 39. Nxf6+ Kf8 40. Nd5 Nc5 41. Nxb6 Nxe4 42. Nd5 Nc5 43. Rb1 Ne4 44. b4 c6 45. Nb6 Bc7 46. bxa5 Nc5 47. Nd7+ Nxd7 48. Rb7 Bxa5 49. Rxd7 Bxc3 50. Rc7 Bd4 51. a5 e4 52. a6 e3 53. a7 1-0

[Event "Redmond PNWCC Schev 1"]
[Site "Redmond"]
[Date "2023.08.20"]
[Round "3.5"]
[White "Lee, Megan Shuen Hui"]
[Black "Barbosa, Oliver"]
[Result "0-1"]
[WhiteElo "2242"]
[BlackElo "2476"]
[PlyCount "102"]
[EventDate "2023.08.19"]
[EventType "schev"]
[EventRounds "10"]
[EventCountry "USA"]
[SourceTitle "EXT 2024"]
[Source "ChessBase"]
[SourceDate "2023.10.10"]
[SourceVersion "1"]
[SourceVersionDate "2023.10.10"]
[SourceQuality "1"]
[WhiteTeam "Challengers"]
[BlackTeam "Masters"]
[WhiteTeamCountry "USA"]
[BlackTeamCountry "USA"]

1. e4 c5 2. Nf3 d6 3. Bb5+ Bd7 4. Bxd7+ Qxd7 5. 0-0 Nc6 6. c4 g6 7. Nc3 Bg7 8. Re1 e6 9. d3 Nge7 10. Bd2 0-0 11. a3 a6 12. Rb1 Rab8 13. Qc1 b5 14. Bh6 Nd4 15. Nxd4 cxd4 16. Bxg7 Kxg7 17. Ne2 e5 18. b3 Rb6 19. Ng3 f6 20. Nf1 bxc4 21. dxc4 Rfb8 22. Nd2 Nc6 23. Qc2 a5 24. c5 dxc5 25. Qxc5 Rb5 26. Qc4 Nd8 27. Rec1 Ne6 28. b4 axb4 29. Rxb4 d3 30. g3 Kh6 31. Rc3 Rxb4 32. axb4 Rd8 33. b5 Nf4 34. gxf4 Qg4+ 35. Kh1 Qd1+ 36. Kg2 Qxd2 37. Qc7 Rd4 38. Qc8 Qxf4 39. Qh3+ Kg5 40. Rxd3 Qxe4+ 41. Rf3 Qd5 42. Kg1 h5 43. Qg2+ Kh6 44. h3 e4 45. Rg3 Rd1+ 46. Kh2 Qe5 47. h4 Qf4 48. Qh3 Qxf2+ 49. Rg2 Qf4+ 50. Qg3 Qxg3+ 51. Kxg3 Rb1 0-1

[Event "Redmond PNWCC Schev 1"]
[Site "Redmond"]
[Date "2023.08.19"]
[Round "1.2"]
[White "Barbosa, Oliver"]
[Black "Stearman, Josiah P"]
[Result "0-1"]
[WhiteElo "2476"]
[BlackElo "2453"]
[PlyCount "58"]
[EventDate "2023.08.19"]
[EventType "schev"]
[EventRounds "10"]
[EventCountry "USA"]
[SourceTitle "EXT 2024"]
[Source "ChessBase"]
[SourceDate "2023.10.10"]
[SourceVersion "1"]
[SourceVersionDate "2023.10.10"]
[SourceQuality "1"]

1. c4 Nf6 2. Nf3 b6 3. g3 Bb7 4. Bg2 e6 5. 0-0 d5 6. d4 Nbd7 7. cxd5 exd5 8. Nc3 Be7 9. Ne5 c6 10. Bf4 0-0 11. Rc1 Nxe5 12. Bxe5 Re8 13. Qb3 Nd7 14. Bf4 Nf8 15. e4 dxe4 16. Nxe4 Ne6 17. Be5 Nxd4 18. Bxd4 Qxd4 19. Rfd1 Qe5 20. Rd7 Bc8 21. f4 Qh5 22. Bf3 Qg6 23. Rc7 Be6 24. Qa4 Bd5 25. Re1 Bc5+ 26. Kg2 f5 27. Nxc5 Bxf3+ 28. Kf2 Rxe1 29. Kxe1 Qe8+ 0-1

[Event "Redmond PNWCC Schev 1"]
[Site "Redmond"]
[Date "2023.08.19"]
[Round "2.5"]
[White "Stearman, Josiah P"]
[Black "Barbosa, Oliver"]
[Result "1/2-1/2"]
[WhiteElo "2453"]
[BlackElo "2476"]
[PlyCount "204"]
[EventDate "2023.08.19"]
[EventType "schev"]
[EventRounds "10"]
[EventCountry "USA"]
[SourceTitle "EXT 2024"]
[Source "ChessBase"]
[SourceDate "2023.10.10"]
[SourceVersion "1"]
[SourceVersionDate "2023.10.10"]
[SourceQuality "1"]
[WhiteTeam "Challengers"]
[BlackTeam "Masters"]
[WhiteTeamCountry "USA"]
[BlackTeamCountry "USA"]

1. e4 c5 2. Nf3 d6 3. d4 cxd4 4. Nxd4 Nf6 5. Nc3 a6 6. Bd3 Nc6 7. Nxc6 bxc6 8. 0-0 g6 9. b3 Bg7 10. Bb2 0-0 11. Na4 Qc7 12. h3 e5 13. c4 Be6 14. Re1 Nh5 15. Bf1 Nf4 16. Kh2 f5 17. g3 Nh5 18. Qd2 fxe4 19. Rxe4 Qa7 20. c5 d5 21. Rxe5 Bxe5 22. Bxe5 Qf7 23. f4 Nf6 24. Bg2 Ne4 25. Qe3 g5 26. Nc3 Nxc3 27. Qxc3 Qh5 28. g4 Bxg4 29. Rg1 Be6 30. Qg3 g4 31. Re1 Qg6 32. Qh4 Rae8 33. Re3 h5 34. hxg4 Bxg4 35. Bf1 Qc2+ 36. Kh1 Rf5 37. Bd3 Qd1+ 38. Kg2 Rexe5 39. Bxf5 Qd2+ 40. Kh1 Bf3+ 41. Rxf3 Re1+ 42. Qxe1 Qxe1+ 43. Kg2 h4 44. Bd3 Kg7 45. Bxa6 Qa5 46. Bf1 Qxa2+ 47. Kh3 Kf6 48. Kxh4 Qc2 49. b4 Qd1 50. Kg4 Qa4 51. Rh3 Kg7 52. b5 cxb5 53. Bd3 b4 54. Kg5 Qd1 55. Rh7+ Kg8 56. c6 Qxd3 57. Rb7 Qg3+ 58. Kf5 Qh3+ 59. Ke5 Qc8 60. Kxd5 Kf8 61. Kd6 Qd8+ 62. Kc5 Qa5+ 63. Kd6 Qd8+ 64. Kc5 Ke8 65. Rxb4 Qe7+ 66. Kb5 Kd8 67. Rc4 Kc7 68. Ka4 Qe3 69. Kb4 Qd3 70. Rc3 Qd6+ 71. Kb3 Qxf4 72. Rc2 Qd4 73. Rc3 Qd2 74. Rc2 Qe1 75. Kb2 Qb4+ 76. Kc1 Qb3 77. Kd2 Qb1 78. Rc1 Qb2+ 79. Rc2 Qd4+ 80. Kc1 Qa1+ 81. Kd2 Qf1 82. Rc3 Qf4+ 83. Kc2 Qb4 84. Kd2 Qa5 85. Kc2 Qd5 86. Kb2 Qe6 87. Kc2 Qc8 88. Kc1 Kd6 89. c7 Kd5 90. Rc2 Kd4 91. Rc6 Ke4 92. Rc3 Kd5 93. Rc2 Kd4 94. Rc6 Ke3 95. Rc3+ Ke2 96. Rc6 Ke1 97. Rc3 Kf2 98. Kd2 Kf1 99. Kd1 Kg1 100. Kc2 Kh1 101. Kc1 Kg2 102. Kc2 Kg1 1/2-1/2

[Event "New York Summer 1000 GM GM-A"]
[Site "New York"]
[Date "2023.07.09"]
[Round "7"]
[White "Mikhalevski, Victor"]
[Black "Barbosa, Oliver"]
[Result "1/2-1/2"]
[WhiteElo "2524"]
[BlackElo "2475"]
[PlyCount "35"]
[EventDate "2023.07.06"]
[EventType "tourn"]
[EventRounds "9"]
[EventCountry "USA"]
[EventCategory "8"]
[SourceTitle "CBM 215 Extra"]
[Source "ChessBase"]
[SourceDate "2023.09.30"]
[SourceVersion "1"]
[SourceVersionDate "2023.09.30"]
[SourceQuality "1"]

1. Nf3 d5 2. g3 Nf6 3. Bg2 c6 4. 0-0 Bg4 5. h3 Bh5 6. d4 Nbd7 7. c4 e6 8. cxd5 cxd5 9. Nc3 Bd6 10. Qb3 Qb6 11. e4 Nxe4 12. Nxe4 dxe4 13. Ng5 Bg6 14. Nxe4 Bxe4 15. Bxe4 0-0-0 16. Be3 Qxb3 17. axb3 a6 18. Bg5 1/2-1/2

[Event "New York Summer 1000 GM GM-A"]
[Site "New York"]
[Date "2023.07.07"]
[Round "3"]
[White "Barbosa, Oliver"]
[Black "Zumsande, Martin"]
[Result "1-0"]
[WhiteElo "2475"]
[BlackElo "2421"]
[PlyCount "95"]
[EventDate "2023.07.06"]
[EventType "tourn"]
[EventRounds "9"]
[EventCountry "USA"]
[EventCategory "8"]
[SourceTitle "CBM 215 Extra"]
[Source "ChessBase"]
[SourceDate "2023.09.30"]
[SourceVersion "1"]
[SourceVersionDate "2023.09.30"]
[SourceQuality "1"]

1. Nf3 d5 2. c4 e6 3. d4 Nf6 4. g3 dxc4 5. Bg2 Bb4+ 6. Nc3 Nc6 7. 0-0 0-0 8. Bg5 h6 9. Bxf6 Qxf6 10. e3 Rd8 11. Nd2 e5 12. Nd5 Qg6 13. Nxc4 exd4 14. exd4 Bd6 15. Re1 Bg4 16. Qd2 Rd7 17. b4 Be6 18. Nce3 Rad8 19. Qb2 Bxd5 20. Nxd5 Ne7 21. Ne3 c6 22. Rad1 Bc7 23. Bh3 f5 24. Qb1 Rf8 25. Nc4 Nd5 26. Bg2 Qf7 27. Ne5 Bxe5 28. dxe5 Qe6 29. Qb3 Rfd8 30. b5 Kf7 31. bxc6 bxc6 32. h4 Ne7 33. Rxd7 Rxd7 34. Qc3 g6 35. a4 Kg7 36. a5 Kh7 37. a6 Nd5 38. Qc5 g5 39. h5 Kg7 40. Rb1 Qxe5 41. Rb7 Rf7 42. Qxa7 Nc7 43. Qb6 f4 44. gxf4 gxf4 45. Qxc6 f3 46. Bxf3 Qg5+ 47. Kf1 Qf4 48. a7 1-0

[Event "New York Summer 1000 GM GM-A"]
[Site "New York"]
[Date "2023.07.07"]
[Round "2"]
[White "Wang, Kevin A"]
[Black "Barbosa, Oliver"]
[Result "0-1"]
[WhiteElo "2393"]
[BlackElo "2475"]
[PlyCount "88"]
[EventDate "2023.07.06"]
[EventType "tourn"]
[EventRounds "9"]
[EventCountry "USA"]
[EventCategory "8"]
[SourceTitle "CBM 215 Extra"]
[Source "ChessBase"]
[SourceDate "2023.09.30"]
[SourceVersion "1"]
[SourceVersionDate "2023.09.30"]
[SourceQuality "1"]

1. e4 e5 2. Nf3 Nc6 3. Bc4 Bc5 4. d3 Nf6 5. 0-0 d6 6. c3 a6 7. a4 Ba7 8. Re1 0-0 9. h3 b5 10. Bb3 b4 11. Bc2 Rb8 12. d4 h6 13. Be3 bxc3 14. bxc3 exd4 15. Nxd4 Nxd4 16. cxd4 Re8 17. Nc3 Bb7 18. f3 c5 19. dxc5 d5 20. Bf2 Qa5 21. Nxd5 Bxd5 22. exd5 Bxc5 23. Rf1 Nxd5 24. Bh7+ Kh8 25. Be4 Nf4 26. Qd7 Ne2+ 27. Kh1 Bxf2 28. Rxf2 Ng3+ 29. Kg1 f5 30. Qd6 Qc3 31. Rd1 Rbd8 32. Qxd8 Rxd8 33. Rxd8+ Kh7 34. Bd3 Qa5 35. Rd6 Qe1+ 36. Bf1 a5 37. Rd5 h5 38. f4 Qe4 39. Rd8 h4 40. Rf3 Qxa4 41. Bd3 Qa1+ 42. Bf1 a4 43. Rdd3 Qc1 44. Rde3 Qc5 0-1

[Event "New York Summer 1000 GM GM-A"]
[Site "New York"]
[Date "2023.07.06"]
[Round "1"]
[White "Barbosa, Oliver"]
[Black "Guo, Arthur"]
[Result "1/2-1/2"]
[WhiteElo "2475"]
[BlackElo "2483"]
[PlyCount "134"]
[EventDate "2023.07.06"]
[EventType "tourn"]
[EventRounds "9"]
[EventCountry "USA"]
[EventCategory "8"]
[SourceTitle "CBM 215 Extra"]
[Source "ChessBase"]
[SourceDate "2023.09.30"]
[SourceVersion "1"]
[SourceVersionDate "2023.09.30"]
[SourceQuality "1"]

1. c4 e6 2. Nf3 d5 3. g3 dxc4 4. Bg2 Nd7 5. Na3 Bxa3 6. bxa3 Nb6 7. Bb2 f6 8. a4 a5 9. Bd4 Nd5 10. d3 cxd3 11. Qxd3 Nge7 12. 0-0 Qd7 13. Qb3 0-0 14. Rfd1 Qe8 15. e4 Nb4 16. Rac1 Na6 17. Bb2 Bd7 18. Ba3 Kh8 19. e5 Bxa4 20. Qxe6 Bxd1 21. Rxd1 Nc6 22. Qh3 Nab4 23. exf6 Rxf6 24. Bb2 Qe6 25. Qh4 Qf5 26. Bxf6 Qxf6 27. Qh5 Rf8 28. a3 Na6 29. Ng5 h6 30. Nh3 Qf7 31. Qb5 Rd8 32. Rxd8+ Nxd8 33. Nf4 c6 34. Qe5 Nc7 35. Be4 Nde6 36. Ng6+ Kg8 37. h4 Qf6 38. Qxa5 Qd4 39. Bc2 Qb2 40. Qf5 Qf6 41. Qd3 Nd5 42. Qe4 Nc3 43. Qe1 Nd5 44. h5 Kf7 45. Kg2 Ke8 46. Be4 Kd7 47. Bxd5 cxd5 48. Qb4 Kc7 49. Qa5+ Kc6 50. Qb4 Nc7 51. f4 b6 52. a4 Qa1 53. Ne5+ Kb7 54. Nd7 Kc6 55. Nxb6 Qd1 56. Qb2 d4 57. Nc4 Kc5 58. Ne5 Qxa4 59. Qb7 Qa8 60. Qxa8 Nxa8 61. Kf3 Kd5 62. Nd7 Nc7 63. g4 Ne6 64. Nb6+ Kc5 65. Nd7+ Kc6 66. Ne5+ Kd5 67. Ng6 d3 1/2-1/2

[Event "New York Mem Day 1000 GM IM-B"]
[Site "New York"]
[Date "2023.05.28"]
[Round "6.1"]
[White "Ansh, M Shah"]
[Black "Barbosa, Oliver"]
[Result "1/2-1/2"]
[WhiteElo "2171"]
[BlackElo "2492"]
[PlyCount "171"]
[EventDate "2023.05.25"]
[EventType "schev"]
[EventRounds "9"]
[EventCountry "USA"]
[SourceTitle "CBM 214 Extra"]
[Source "ChessBase"]
[SourceDate "2023.07.31"]
[SourceVersion "1"]
[SourceVersionDate "2023.07.31"]
[SourceQuality "1"]
[WhiteTeam "Team B"]
[BlackTeam "Team A"]
[WhiteTeamCountry "USA"]
[BlackTeamCountry "USA"]

1. d4 Nf6 2. c4 e6 3. Nf3 c5 4. g3 cxd4 5. Nxd4 d5 6. Bg2 e5 7. Nf3 d4 8. 0-0 Nc6 9. Nbd2 h6 10. Qc2 Be7 11. Ne4 Nh7 12. Rd1 Qc7 13. c5 Bg4 14. b4 0-0 15. b5 Nb4 16. Qb3 a5 17. bxa6 Nxa6 18. Qb6 Qxb6 19. cxb6 f6 20. h3 Be6 21. g4 Nb4 22. Bd2 Nd5 23. Nh4 Rfd8 24. Rdb1 Ra6 25. a4 Kf7 26. a5 g6 27. Ng3 Ng5 28. Nf3 Rd7 29. h4 Nxf3+ 30. Bxf3 Nc3 31. Bxc3 dxc3 32. Rc1 Bb4 33. Ne4 f5 34. gxf5 gxf5 35. Nxc3 e4 36. Bh5+ Kf6 37. Nb5 Rxa5 38. Nc7 Ba2 39. Ne8+ Ke5 40. Rc7 Be6 41. Rb1 Rb5 42. Ng7 Rxb6 43. Nxe6 Kxe6 44. Rc4 Rg7+ 45. Kf1 Bc5 46. Rxb6+ Bxb6 47. e3 Kd5 48. Rc8 Bc5 49. Rh8 b5 50. Rxh6 b4 51. Bd1 Kc4 52. Be2+ Kd5 53. Bd1 f4 54. Bb3+ Ke5 55. Rh5+ Kd6 56. exf4 Rg4 57. Rh6+ Kc7 58. Bd5 Bd6 59. Bxe4 Bxf4 60. Rc6+ Kd8 61. h5 Rh4 62. Bg6 Be5 63. Re6 Bc3 64. Re3 Bd4 65. Rd3 Ke7 66. Kg2 Be5 67. Rd5 Kf6 68. Rb5 Rg4+ 69. Kf3 Rf4+ 70. Ke3 Rh4 71. f3 Bd4+ 72. Kd3 Be5 73. Rb7 Kg5 74. Rb5 Kf6 75. Ke2 Rh2+ 76. Ke3 Rh4 77. Rb7 Kg5 78. Rf7 Rf4 79. Rh7 b3 80. Rb7 b2 81. Rb5 Kf6 82. Be4 Rh4 83. Rb6+ Kg5 84. Rb5 Kf6 85. Rb6+ Kg5 86. Rb5 1/2-1/2

[Event "New York Mem Day 1000 GM IM-B"]
[Site "New York"]
[Date "2023.05.26"]
[Round "3.1"]
[White "Chen, Justin"]
[Black "Barbosa, Oliver"]
[Result "1-0"]
[WhiteElo "2333"]
[BlackElo "2492"]
[PlyCount "77"]
[EventDate "2023.05.25"]
[EventType "schev"]
[EventRounds "9"]
[EventCountry "USA"]
[SourceTitle "CBM 214 Extra"]
[Source "ChessBase"]
[SourceDate "2023.07.31"]
[SourceVersion "1"]
[SourceVersionDate "2023.07.31"]
[SourceQuality "1"]
[WhiteTeam "Team D"]
[BlackTeam "Team A"]
[WhiteTeamCountry "USA"]
[BlackTeamCountry "USA"]

1. d4 d5 2. c4 c6 3. Nf3 Nf6 4. e3 Bf5 5. Nc3 e6 6. Nh4 Be4 7. f3 Bg6 8. Qb3 Qc7 9. cxd5 cxd5 10. Nxg6 hxg6 11. Bd2 Nc6 12. 0-0-0 a6 13. Kb1 Bd6 14. h4 0-0 15. Rc1 b5 16. Qd1 Qb6 17. g4 Rfc8 18. h5 Na5 19. hxg6 fxg6 20. Bd3 Kf7 21. Qe2 Nc4 22. f4 b4 23. Na4 Qb5 24. b3 Ne4 25. bxc4 Qxa4 26. Bxe4 b3 27. Bc3 Rab8 28. cxd5 Ba3 29. dxe6+ Ke7 30. f5 Bxc1 31. Rxc1 bxa2+ 32. Ka1 Rb3 33. Bb2 Rxc1+ 34. Bxc1 Qb4 35. Bb2 a5 36. Bd5 a4 37. Bxb3 Qxb3 38. Qe1 a3 39. Bc3 1-0

[Event "New York Spring IM-B"]
[Site "New York"]
[Date "2023.04.09"]
[Round "8.1"]
[White "Barbosa, Oliver"]
[Black "Reiss, Aiden"]
[Result "1-0"]
[WhiteElo "2492"]
[BlackElo "2138"]
[PlyCount "107"]
[EventDate "2023.04.05"]
[EventType "team-tourn"]
[EventRounds "9"]
[EventCountry "USA"]
[SourceTitle "CBM 213 Extra"]
[Source "ChessBase"]
[SourceDate "2023.05.31"]
[SourceVersion "1"]
[SourceVersionDate "2023.05.31"]
[SourceQuality "1"]
[WhiteTeam "Team 1"]
[BlackTeam "Team 3"]
[WhiteTeamCountry "USA"]
[BlackTeamCountry "USA"]

1. Nf3 Nf6 2. g3 g6 3. b3 Bg7 4. Bb2 d5 5. c4 c6 6. Bg2 0-0 7. 0-0 Re8 8. d3 Nbd7 9. Nbd2 e5 10. cxd5 cxd5 11. Rc1 e4 12. dxe4 dxe4 13. Ng5 h6 14. Bxf6 Nxf6 15. Ngxe4 Qe7 16. Nxf6+ Bxf6 17. Ne4 Bg7 18. Qd6 Bf5 19. Rc7 Qe6 20. Qxe6 Rxe6 21. Nc5 Rxe2 22. Nxb7 Rxa2 23. Nd6 Rd8 24. Nxf7 Rdd2 25. Re1 Rxf2 26. Bd5 Rfe2 27. Rxe2 Rxe2 28. Nxh6+ Kh7 29. Nxf5 gxf5 30. Rxa7 Kg6 31. Ra6+ Kh7 32. Bc4 Bd4+ 33. Kh1 Rd2 34. Re6 Kg7 35. Rd6 Be3 36. Rxd2 Bxd2 37. Kg2 Kf6 38. Kf3 Ke5 39. Ba6 Bb4 40. Bc8 Bc5 41. h3 Be7 42. g4 fxg4+ 43. hxg4 Bf6 44. b4 Kd5 45. b5 Bg5 46. b6 Bd8 47. b7 Bc7 48. g5 Ke5 49. Kg4 Bd6 50. Kh5 Bc7 51. g6 Kf6 52. Kh6 Ke7 53. g7 Kf7 54. Kh7 1-0

[Event "New York Spring IM-B"]
[Site "New York"]
[Date "2023.04.08"]
[Round "6.1"]
[White "Zhao, Erick"]
[Black "Barbosa, Oliver"]
[Result "1/2-1/2"]
[WhiteElo "2275"]
[BlackElo "2492"]
[PlyCount "116"]
[EventDate "2023.04.05"]
[EventType "team-tourn"]
[EventRounds "9"]
[EventCountry "USA"]
[SourceTitle "CBM 213 Extra"]
[Source "ChessBase"]
[SourceDate "2023.05.31"]
[SourceVersion "1"]
[SourceVersionDate "2023.05.31"]
[SourceQuality "1"]
[WhiteTeam "Team 2"]
[BlackTeam "Team 1"]
[WhiteTeamCountry "USA"]
[BlackTeamCountry "USA"]

1. e4 c6 2. d4 d5 3. exd5 cxd5 4. Bd3 Nc6 5. c3 Nf6 6. h3 g6 7. Nf3 Bf5 8. 0-0 Bg7 9. Bf4 0-0 10. Be2 a6 11. Nbd2 b5 12. Ne5 Nxe5 13. Bxe5 Qb6 14. Bf3 Rfd8 15. Re1 Rac8 16. Qb3 Bh6 17. Nf1 Ne4 18. a4 Rd7 19. axb5 axb5 20. Ra3 Bg7 21. Bxg7 Kxg7 22. Rea1 Rb8 23. Ra6 Qc7 24. Bxe4 Bxe4 25. Ne3 b4 26. cxb4 Qf4 27. R6a5 Rdb7 28. R1a4 e6 29. Rc5 g5 30. Qc3 h5 31. Nf1 g4 32. h4 Qf6 33. Rc8 Bg6 34. Ra8 Rxa8 35. Rxa8 Kh7 36. Qc8 Rb6 37. Qc5 Rb7 38. Qc8 Rb5 39. Qe8 Rb6 40. Qg8+ Kh6 41. Qf8+ Kh7 42. Qc5 Rb7 43. Ng3 e5 44. Qxd5 Rc7 45. dxe5 Rc1+ 46. Nf1 Qxh4 47. Qd4 Qg5 48. e6 Rxf1+ 49. Kxf1 Qc1+ 50. Ke2 Qc2+ 51. Ke1 Qb1+ 52. Ke2 Qc2+ 53. Ke3 Qc1+ 54. Qd2 Qc6 55. Qd8 Qe4+ 56. Kd2 Qc2+ 57. Ke3 Qe4+ 58. Kd2 Qc2+ 1/2-1/2

[Event "New York Spring IM-B"]
[Site "New York"]
[Date "2023.04.07"]
[Round "4.1"]
[White "Barbosa, Oliver"]
[Black "Tanenbaum, Zachary Chen"]
[Result "1-0"]
[WhiteElo "2492"]
[BlackElo "2261"]
[PlyCount "89"]
[EventDate "2023.04.05"]
[EventType "team-tourn"]
[EventRounds "9"]
[EventCountry "USA"]
[SourceTitle "CBM 213 Extra"]
[Source "ChessBase"]
[SourceDate "2023.05.31"]
[SourceVersion "1"]
[SourceVersionDate "2023.05.31"]
[SourceQuality "1"]
[WhiteTeam "Team 1"]
[BlackTeam "Team 4"]
[WhiteTeamCountry "USA"]
[BlackTeamCountry "USA"]

1. Nf3 d5 2. g3 Nf6 3. Bg2 c6 4. c4 dxc4 5. a4 Bf5 6. Na3 e6 7. Nxc4 Na6 8. 0-0 Be7 9. d3 0-0 10. Bd2 Bb4 11. Bc3 Bg6 12. Qb3 Qe7 13. Rfd1 Rfd8 14. h3 Rab8 15. Nfe5 Nd7 16. Nxg6 hxg6 17. d4 Nb6 18. Ne5 Nd5 19. e4 Nxc3 20. bxc3 Bd6 21. Nc4 e5 22. f4 exd4 23. cxd4 Bc7 24. Kh2 Qb4 25. Qc2 Qe7 26. a5 g5 27. f5 g4 28. e5 gxh3 29. Be4 Nb4 30. Qe2 Qg5 31. Ra3 Nd5 32. Rf3 Qg4 33. Bxd5 cxd5 34. Ne3 Qh5 35. Rdf1 Bxa5 36. g4 Qg5 37. Rxh3 g6 38. Qf3 Bb6 39. fxg6 Qxg6 40. Nf5 Rd7 41. Rh6 Qg5 42. Qh3 f6 43. Rh8+ Kf7 44. e6+ Kxe6 45. Re1+ 1-0

[Event "New York Spring IM-B"]
[Site "New York"]
[Date "2023.04.07"]
[Round "5.1"]
[White "Xu, Grant"]
[Black "Barbosa, Oliver"]
[Result "1/2-1/2"]
[WhiteElo "2273"]
[BlackElo "2492"]
[PlyCount "129"]
[EventDate "2023.04.05"]
[EventType "team-tourn"]
[EventRounds "9"]
[EventCountry "USA"]
[SourceTitle "CBM 213 Extra"]
[Source "ChessBase"]
[SourceDate "2023.05.31"]
[SourceVersion "1"]
[SourceVersionDate "2023.05.31"]
[SourceQuality "1"]
[WhiteTeam "Team 3"]
[BlackTeam "Team 1"]
[WhiteTeamCountry "USA"]
[BlackTeamCountry "USA"]

1. e4 c6 2. d4 d5 3. Nd2 dxe4 4. Nxe4 Nd7 5. Ng5 Ngf6 6. Bd3 e6 7. N1f3 Bd6 8. Qe2 h6 9. Ne4 Nxe4 10. Qxe4 Qc7 11. 0-0 b6 12. Qg4 Kf8 13. b3 Nf6 14. Qh4 Bb7 15. Bb2 Nd5 16. Rad1 Nf4 17. g3 Nxd3 18. Rxd3 Rd8 19. c4 Be7 20. Qh5 Bf6 21. Ba3+ Kg8 22. Rfd1 g6 23. Qg4 Kg7 24. Bc1 h5 25. Qe4 c5 26. d5 exd5 27. cxd5 Rhe8 28. Qc4 Qc8 29. Qf4 Qg4 30. Qh6+ Kg8 31. Ng5 Bxg5 32. Qxg5 Rd7 33. f3 Qxg5 34. Bxg5 Re5 35. Bf4 Rexd5 36. Rxd5 Bxd5 37. Be5 g5 38. h4 gxh4 39. gxh4 Kh7 40. Kf2 a5 41. Ke3 b5 42. Kf4 Kg6 43. Rg1+ Kh7 44. Rd1 Kg6 45. Rg1+ Kh6 46. Rd1 b4 47. Rc1 c4 48. bxc4 Bc6 49. Ke3 Re7 50. Kd4 Bxf3 51. Rf1 Rd7+ 52. Kc5 Bg4 53. Rf6+ Kh7 54. Kb6 a4 55. c5 b3 56. axb3 axb3 57. c6 Re7 58. Bd4 Re4 59. Kc5 Re2 60. Rxf7+ Kg6 61. Rf6+ Kh7 62. Rf7+ Kg6 63. Rf6+ Kh7 64. Rf7+ Kg6 65. Rf6+ 1/2-1/2

[Event "New York Spring IM-B"]
[Site "New York"]
[Date "2023.04.06"]
[Round "3.1"]
[White "Luo, Terry"]
[Black "Barbosa, Oliver"]
[Result "1/2-1/2"]
[WhiteElo "2321"]
[BlackElo "2492"]
[PlyCount "83"]
[EventDate "2023.04.05"]
[EventType "team-tourn"]
[EventRounds "9"]
[EventCountry "USA"]
[SourceTitle "CBM 213 Extra"]
[Source "ChessBase"]
[SourceDate "2023.05.31"]
[SourceVersion "1"]
[SourceVersionDate "2023.05.31"]
[SourceQuality "1"]
[WhiteTeam "Team 4"]
[BlackTeam "Team 1"]
[WhiteTeamCountry "USA"]
[BlackTeamCountry "USA"]

1. d4 d5 2. c4 c6 3. Nf3 Nf6 4. Qb3 dxc4 5. Qxc4 Bg4 6. Nbd2 Nbd7 7. g3 e6 8. Bg2 Be7 9. 0-0 0-0 10. Qb3 Qb6 11. Nc4 Qa6 12. Bd2 Rfd8 13. Rac1 Rac8 14. h3 Bf5 15. Rfd1 Be4 16. Bb4 c5 17. dxc5 Nxc5 18. Rxd8+ Rxd8 19. Qa3 Qxa3 20. Bxa3 Kf8 21. Ncd2 Na6 22. Bxe7+ Kxe7 23. Nxe4 Nxe4 24. Ne5 Nd6 25. Rc3 Nb5 26. Rb3 Rd1+ 27. Kh2 Nd6 28. Nd3 Ra1 29. Ra3 Nc4 30. Ra4 Nb6 31. Rg4 g6 32. Bxb7 Rxa2 33. Rd4 Nb8 34. f4 Ra4 35. Rxa4 Nxa4 36. Kg2 Kd6 37. Kf2 Nd7 38. b4 Nab6 39. Ke3 a5 40. bxa5 Nc4+ 41. Kd4 Nxa5 42. Bf3 1/2-1/2